Visualizzazione normale
Vista MARC
- Webber Andrew Lloyd
di Personal Name
Records bibliografici associati: 1
001 - CONTROL NUMBER
- control field: 9848
003 - CONTROL NUMBER IDENTIFIER
- control field: IT-RoPau
005 - DATE AND TIME OF LATEST TRANSACTION
- control field: 20140120223655.0
008 - FIXED-LENGTH DATA ELEMENTS
- fixed length control field: 140120|| aca||aabn | a|a d
040 ## - CATALOGING SOURCE
- Original cataloging agency: IT-RoPau
- Transcribing agency: IT-RoPau
100 ## - HEADING--PERSONAL NAME
- Personal name: Webber Andrew Lloyd
- Relator term: Autore musica
- Miscellaneous information: Codice autore musica SPICS: 11199
- Name of part/section of a work: I Dont't Know How To Love Him (da Jesus Christ Superstar)
670 ## - SOURCE DATA FOUND
- Source citation: Work cat.: (IT-RoPau)103846: AA.VV. 794, Franck Pourcel e la sua grande orchestra-Una orchestra nella sera n. 19